000 00372nam a2200133Ia 4500
008 231229s2020 xx 000 0 und d
041 _aeng
082 _a344.54046
_bLAL
100 _aLAL
245 _aEncyclopaedia on Environment Protection and Pollution Laws
250 _a6th (Vol. 1
260 _aNew Delhi
_bDelhi Law House New Delhi,
_c2020
300 _av, Misc.
999 _c1126112
_d1126112